Estatísticas para TABUADA DO 9

Clique aqui para jogar o quiz

Estatísticas Gerais

  • Esse quiz foi jogado 108 vezes
  • A pontuação média é 20 de 21

Estatísticas das Respostas

HintResposta% Correto
9X00
100%
9X218
100%
9X545
100%
9X654
100%
9X19
100%
9X327
99%
9X436
99%
9X763
99%
9X872
99%
9X981
99%
9X1090
99%
9X1199
94%
9X12108
93%
9X13117
89%
9X14126
89%
9X15135
86%
9X16144
84%
9X17153
84%
9X18162
82%
9X19171
80%
9X20180
80%

Distribuição das Pontuações

Percentil de Números Respondidos

Porcentagem de Pessoas com Cada Pontuação

Sua Pontuação Histórica

Você não jogou esse quiz